<?xml version="1.0" encoding="UTF-8"?><?xml-stylesheet type="text/xsl" href="static/style.xsl"?><OAI-PMH xmlns="http://www.openarchives.org/OAI/2.0/" xmlns:xsi="http://www.w3.org/2001/XMLSchema-instance" xsi:schemaLocation="http://www.openarchives.org/OAI/2.0/ http://www.openarchives.org/OAI/2.0/OAI-PMH.xsd"><responseDate>2026-04-26T21:58:03Z</responseDate><request verb="GetRecord" identifier="oai:uvadoc.uva.es:10324/2499" metadataPrefix="marc">https://uvadoc.uva.es/oai/request</request><GetRecord><record><header><identifier>oai:uvadoc.uva.es:10324/2499</identifier><datestamp>2021-06-29T09:29:01Z</datestamp><setSpec>com_10324_38</setSpec><setSpec>col_10324_852</setSpec></header><metadata><record xmlns="http://www.loc.gov/MARC21/slim" xmlns:doc="http://www.lyncode.com/xoai" xmlns:xsi="http://www.w3.org/2001/XMLSchema-instance" xmlns:dcterms="http://purl.org/dc/terms/" xsi:schemaLocation="http://www.loc.gov/MARC21/slim http://www.loc.gov/standards/marcxml/schema/MARC21slim.xsd">
<leader>00925njm 22002777a 4500</leader>
<datafield tag="042" ind1=" " ind2=" ">
<subfield code="a">dc</subfield>
</datafield>
<datafield tag="720" ind1=" " ind2=" ">
<subfield code="a">Martínez Mingo, Maialen</subfield>
<subfield code="e">author</subfield>
</datafield>
<datafield tag="260" ind1=" " ind2=" ">
<subfield code="c">2013</subfield>
</datafield>
<datafield tag="520" ind1=" " ind2=" ">
<subfield code="a">Se elige un caso de lumbalgia crónica en un sujeto de 19 años de edad, el cual padece un dolor lumbar durante un año aproximadamente. El paciente recibe tratamiento fisioterápico de electroterapia, sin resultados positivos. Posteriormente, se emplean técnicas de osteopatía con idénticos resultados.&#xd;
Es por eso, que se decide optar por la reeducación postural global (RPG) simultáneamente a la fisioterapia convencional (masoterapia y electroterapia).&#xd;
Tras un periodo de 10 sesiones de RPG, el paciente experimenta una notable mejoría que le permite recuperar su vida cotidiana.</subfield>
</datafield>
<datafield tag="024" ind2=" " ind1="8">
<subfield code="a">http://uvadoc.uva.es/handle/10324/2499</subfield>
</datafield>
<datafield ind1=" " ind2=" " tag="653">
<subfield code="a">Reeducación pustural global</subfield>
</datafield>
<datafield ind1=" " ind2=" " tag="653">
<subfield code="a">Stretching global activo</subfield>
</datafield>
<datafield ind1=" " ind2=" " tag="653">
<subfield code="a">Espiración</subfield>
</datafield>
<datafield tag="245" ind1="0" ind2="0">
<subfield code="a">Tratamiento de la lumbalgia crónica con fisioterapia convencional y reeducación postural global: a propósito de un caso"</subfield>
</datafield>
</record></metadata></record></GetRecord></OAI-PMH>